|
|
|
|
| LEADER |
00000nam0a2200000 4500 |
| 001 |
133675 |
| 005 |
20231031135415.0 |
| 010 |
|
|
|a 9785699194223
|
| 035 |
|
|
|a (RuTPU)RU\TPU\book\144894
|
| 090 |
|
|
|a 133675
|
| 100 |
|
|
|a 20080319d2008 m y0rusy50 ca
|
| 101 |
0 |
|
|a rus
|
| 102 |
|
|
|a RU
|
| 105 |
|
|
|a y z 000ay
|
| 200 |
1 |
|
|a Ангел-телохранитель
|e роман
|f Т. В. Гармаш-Роффе
|
| 210 |
|
|
|a Москва
|c Эксмо
|d 2008
|
| 215 |
|
|
|a 320 с.
|
| 225 |
1 |
|
|a Детектив высшей пробы
|
| 330 |
|
|
|a Люля еще не успела оправиться после смерти мужа, как новые беды свалились на ее голову. Кто-то настойчиво и методично пытается расправиться с молодой вдовой. Попытки следуют одна за другой, и у нее больше нет сил сопротивляться. Не будь рядом охранника Артема, она бы давно сдалась... Связаны ли покушения на Люлю со смертью мужа? Или с его бизнесом? Ответы на эти вопросы способен дать только один человек. Но, выйдя из комы, он потерял память, а после пластической операции — еще и внешность. И стал удивительно похож на... погибшего мужа Люли. А может, это он и есть? И теперь, прикинувшись беспамятным, Влад стоит во главе широкомасштабной операции по устранению всех возможных свидетелей? В которой главной жертвой почему-то назначено быть Люле. Никому, кроме частного сыщика Алексея Кисанова по кличке Кис, не под силу разгадать эту головоломку...
|
| 610 |
1 |
|
|a русская литература
|
| 610 |
1 |
|
|a романы
|
| 610 |
1 |
|
|a детективы
|
| 675 |
|
|
|a Р2
|v 3
|
| 700 |
|
1 |
|a Гармаш-Роффе
|b Т. В.
|g Татьяна Владимировна
|
| 801 |
|
1 |
|a RU
|b 63413507
|c 20080319
|g PSBO
|
| 801 |
|
2 |
|a RU
|b 63413507
|c 20080605
|g PSBO
|
| 942 |
|
|
|c BK
|
| 959 |
|
|
|a 36/20080319
|d 1
|e 125,00
|f ХФ:1
|